000 00557nam a2200181Ia 4500
001 IA_6947
002 0000001968 MX 0000000000SPA00
008 220117s1968 xx 000 0 und d
010 _a186647
090 _aF 302 1968
110 _aSAG Dirección General de Avicultura y otras Especies Menores
_9162653
245 _aLa Polilla de la Cera
260 _aMéxico :
_bSAG Dirección General de Avicultura y otras Especies Menore.,
_c1968
901 _aF 302 1968
902 _aM
904 _a1968
942 _c12
999 _c186647
_d186647